Statistics for 15 World Capitals

Click here to take the quiz!

General Stats

  • This quiz has been taken 40 times
  • The average score is 13 of 15

Answer Stats

QuestionAnswer% Correct
What is the capital of Iraq?Baghdad
97%
What is the capital of Switzerland?Bern
97%
What is the capital of Paraguay?Asuncion
95%
What is the capital of Argentina?Buenos Aires
95%
What is the capital of Cuba?Havana
95%
What is the capital of Eswatini?Mbabane
95%
What is the capital of Poland?Warsaw
95%
What is the capital of Pakistan?Islamabad
92%
What is the capital of Norway?Oslo
92%
What is the capital of Congo?Brazzaville
87%
What is the capital of Barbados?Bridgetown
87%
What is the capital of Bolivia?Sucre
87%
What is the capital of Nicaragua?Managua
82%
What is the capital of Palau?Ngerulmud
69%
What is the capital of Nauru?Yaren
62%

Score Distribution

Percentile by Number Answered

Percent of People with Each Score

Your Score History

You have not taken this quiz